00884nam a2200241 a 450000100060000000300080000600500170001400800410003103500180007203500230009003500190011303500170013204000420014904100080019108200280019911000160022724501780024326001240042130000340054550000190057965100290059871000150062745617BD-RjUL20211209054037.0160727s1957 mdua 001 0 eng  a(OCoLC)285215 a(OCoLC)ocm00285215 a(BD-RjUL)45735 a(NNC)2519718 dUPvMLCdUPvMLCaBD-RjULbengcBD-RjUL aeng a338.95695223bECO 19572 aWorld Bank.14aThe economic development of Jordan :breport of a mission organized by the International Bank for Reconstruction and Development at the request of the Government of Jordan / aBaltimore :bPublished for the International Bank for Reconstruction and Development by the Johns Hopkins Press,cc1957 axvi, 488 p. :bill. ;c24 cm. aIncludes index 0aJordanxEconomic policy. aWorld Bank